[Event "Turniej Niepodleglosci 2024"]
[Site "Warsaw POL"?"]
[Date "2024.11.11"]
[Round "3.10"]
[White "Obrycki, Tomasz"]
[Black "Czernek, Tymon"]
[Result "0-1"]
[WhiteElo "2048"]
[BlackElo "2240"]

1. e4 c5 2. Nf3 d6 3. Bb5+ Nd7 4. O-O a6 5. Be2 Ngf6 6. d3 e5 7. c3 Be7 8.
Nbd2 O-O 9. d4 cxd4 10. cxd4 b5 11. Re1 Bb7 12. Bf1 Rc8 13. b3 Re8 14. Bb2
Bf8 15. d5 Qb6 16. h3 g6 17. Rc1 Bh6 18. Qe2 Nc5 19. Rc2 Nh5 20. Nb1 Nf4
21. Qd1 Rc7 22. g3 Nh5 23. Kg2 Rec8 24. Qe2 Nd3 25. Rxc7 Nxe1+ 26. Nxe1
Qxc7 27. Qd3 Bc1 28. Bc3 Qb6 29. Be2 Nf6 30. f4 Qe3 31. fxe5 Nxe4 32. Bd4
Qxd3 33. Nxd3 dxe5 34. Bxe5 Bxd5 35. Bf3 Rc2+ 0-1

[Event "Turniej Niepodleglosci 2024"]
[Site "Warsaw POL"?"]
[Date "2024.11.11"]
[Round "4.1"]
[White "Radzimski, Antoni"]
[Black "Heberla, Bartlomiej"]
[Result "1-0"]
[WhiteElo "2127"]
[BlackElo "2454"]

1. d4 Nf6 2. c4 b6 3. Nc3 Bb7 4. Qc2 Nc6 5. Nf3 Nb4 6. Qb3 Bxf3 7. Qxb4 Bb7
8. Qb3 e6 9. f3 d5 10. cxd5 exd5 11. Bg5 Be7 12. e3 Nh5 13. Bxe7 Qxe7 14.
Kf2 Nf6 15. Bd3 O-O 16. Qc2 c5 17. Qd2 Qd6 18. Ne2 c4 19. Bc2 b5 20. Ng3 g6
21. h4 h5 22. Ne2 Rfe8 23. Nf4 Re7 24. Rh3 Rae8 25. Re1 Kg7 26. Rg3 Rxe3
27. Nxg6 Ng4+ 28. Rxg4 hxg4 29. Rxe3 g3+ 30. Kf1 Rxe3 31. Qxe3 fxg6 32. h5
gxh5 33. Qg5+ Kf8 34. Qxh5 Qf6 35. Qg4 Qh6 36. Qf5+ Ke7 37. Ke2 Bc6 38.
Qe5+ Qe6 39. f4 b4 40. Kf3 a5 41. Kxg3 a4 42. Kf3 b3 43. axb3 cxb3 44. Bb1
Kf7 45. g4 Qh6 46. Qh5+ Qxh5 47. gxh5 Kf6 48. h6 Be8 49. Kg4 Bd7+ 50. f5 a3
51. bxa3 b2 52. Kf4 Bb5 53. h7 Kg7 54. Ke5 Kxh7 55. Kf6 Be2 56. Ke7 Bf3 57.
f6+ Be4 58. Ba2 1-0

[Event "Turniej Niepodleglosci 2024"]
[Site "Warsaw POL"?"]
[Date "2024.11.11"]
[Round "4.2"]
[White "Krasenkow, Michal"]
[Black "Chiszko, Oskar"]
[Result "0-1"]
[WhiteElo "2399"]
[BlackElo "2141"]

1. d4 Nf6 2. c4 e6 3. Nc3 Bb4 4. e3 O-O 5. Nf3 d5 6. Bd2 dxc4 7. Bxc4 c5 8.
dxc5 Bxc5 9. Qc2 Nc6 10. a3 a6 11. Rd1 Qe7 12. Ne4 Nxe4 13. Qxe4 f5 14. Qc2
Kh8 15. O-O Ba7 16. Bc3 b5 17. Ba2 Bb7 18. Qb3 Rfe8 19. Rd2 Nd8 20. Qd1
Bxf3 21. gxf3 e5 22. Rd7 Qf6 23. f4 Bb8 24. Qd5 Nc6 25. Kh1 Ra7 26. Rxa7
Nxa7 27. Rd1 Nc6 28. Qf7 Qxf7 29. Bxf7 Rd8 30. Rg1 a5 31. fxe5 b4 32. axb4
axb4 33. Bd4 Bxe5 34. Bxe5 Nxe5 35. Be6 g6 36. Ra1 Nd3 37. f4 Nxb2 38. Ra7
Nd1 39. Rb7 Nxe3 40. Rxb4 Rd1# 0-1

[Event "Turniej Niepodleglosci 2024"]
[Site "Warsaw POL"?"]
[Date "2024.11.11"]
[Round "4.3"]
[White "Kashlinskaya, Alina"]
[Black "Goraj, Barbara"]
[Result "1-0"]
[WhiteElo "2383"]
[BlackElo "2130"]

1. d4 Nf6 2. c4 g6 3. Nc3 Bg7 4. e4 d6 5. Be2 Nbd7 6. h4 h5 7. Nh3 e5 8. d5
Nc5 9. f3 O-O 10. Nf2 Ne8 11. g4 f5 12. gxf5 gxf5 13. Bg5 Bf6 14. Rg1 Kh7
15. b4 Na6 16. exf5 Bxf5 17. a3 Ng7 18. Nfe4 Bxg5 19. Nxg5+ Kh8 20. Bd3 Qd7
21. Ra2 c6 22. Rag2 cxd5 23. Nxd5 Rae8 24. Be4 Nc7 25. Qd2 Nce6 26. Nf7+
Rxf7 27. Qh6+ Kg8 28. Rxg7+ Nxg7 29. Rxg7+ Rxg7 30. Nf6+ Kf7 31. Bd5+ Be6
32. Nxd7 Bxd5 33. cxd5 Rg1+ 34. Kf2 Rg6 35. Qh7+ Rg7 36. Qxh5+ Ke7 37. Nf6
Rc8 38. Ng4 Rc2+ 39. Kg3 e4 40. Qh6 Rf7 41. Qe6+ Kf8 42. Qxd6+ Kg7 43. Qe5+
Kf8 44. Qxe4 1-0

[Event "Turniej Niepodleglosci 2024"]
[Site "Warsaw POL"?"]
[Date "2024.11.11"]
[Round "4.4"]
[White "Budzisz, Adrian"]
[Black "Jakubowski, Krzysztof"]
[Result "0-1"]
[WhiteElo "2083"]
[BlackElo "2351"]

1. e4 c6 2. d4 d5 3. e5 Bf5 4. Nd2 e6 5. Nb3 a5 6. a4 Nd7 7. Be3 f6 8. exf6
Ngxf6 9. Bd3 Bd6 10. Ne2 Qc7 11. Bxf5 exf5 12. Qd3 f4 13. Bd2 Ne4 14. c4
O-O 15. cxd5 cxd5 16. Qb5 Ndf6 17. Bxa5 Qe7 18. f3 Rxa5 19. Nxa5 Bb4+ 20.
Kd1 Nf2+ 21. Kc2 Bxa5 22. Rhf1 Qe3 23. Qxa5 Qxe2+ 24. Kb3 Qc4+ 25. Ka3 Qxd4
26. Qb5 Qe3+ 27. Qb3 Nd3 28. Rad1 Ne5 29. Rfe1 Nc4+ 30. Ka2 Qxb3+ 31. Kxb3
Ne3 32. Rd2 Rc8 33. g3 Nc4 34. Rd4 fxg3 35. hxg3 Kf7 36. g4 h6 37. f4 Na5+
38. Kb4 Nc6+ 0-1

[Event "Turniej Niepodleglosci 2024"]
[Site "Warsaw POL"?"]
[Date "2024.11.11"]
[Round "4.5"]
[White "Kazmierowski, Tymon"]
[Black "Jarmula, Lukasz"]
[Result "1/2-1/2"]
[WhiteElo "2034"]
[BlackElo "2307"]

1. d4 Nf6 2. c4 d6 3. Nc3 e5 4. d5 e4 5. g3 Bf5 6. Bg2 Be7 7. Qc2 O-O 8.
Nxe4 Qd7 9. Nxf6+ Bxf6 10. e4 Re8 11. Ne2 Bh3 12. O-O Na6 13. Be3 Bxg2 14.
Kxg2 c5 15. a3 b5 16. Nf4 g6 17. f3 Rab8 18. Rab1 bxc4 19. Qxc4 Qb5 20.
Qxb5 Rxb5 21. b4 cxb4 22. axb4 Nxb4 23. Bxa7 Ra8 24. Be3 Nc2 25. Bf2 Rba5
26. Nd3 Ra2 27. Kg1 Nd4 28. Kg2 Rd2 29. Nb4 Ra3 30. f4 Nb5 31. Rfd1 Re2 32.
Re1 Rae3 33. Rxe2 Rxe2 34. Kf3 Nc3 35. Rc1 Rb2 36. Nd3 Rd2 37. Ke3 Re2+ 38.
Kf3 Rd2 39. Ke3 Ra2 40. e5 dxe5 41. fxe5 Bg5+ 42. Nf4 Nxd5+ 43. Kf3 Nxf4
44. gxf4 Bxf4 45. Rc8+ Kg7 46. Bd4 Bxe5 47. Bxe5+ Kh6 48. Rc7 Ra3+ 49. Kg2
Ra2+ 50. Kh3 Ra3+ 51. Kg4 f5+ 52. Kf4 Ra4+ 53. Kf3 g5 54. Rc6+ Kh5 55. Bg7
Ra3+ 56. Kg2 Kg4 57. Bh6 Ra2+ 58. Kg1 f4 59. Rc5 Ra1+ 60. Kf2 Ra2+ 61. Kg1
Kf3 62. Rc3+ Kg4 63. Rc5 Ra1+ 64. Kf2 Ra2+ 65. Kg1 Kf3 66. Rc3+ Kg4 67. Rc5
1/2-1/2

[Event "Turniej Niepodleglosci 2024"]
[Site "Warsaw POL"?"]
[Date "2024.11.11"]
[Round "4.6"]
[White "Nguyen, Piotr"]
[Black "Deszczynski, Adam"]
[Result "1-0"]
[WhiteElo "2295"]
[BlackElo "2125"]

1. c4 e5 2. g3 Nf6 3. Bg2 c6 4. Nf3 e4 5. Nd4 d5 6. cxd5 Qxd5 7. e3 Qe5 8.
f4 exf3 9. Nxf3 Qc7 10. O-O Bd6 11. Nc3 O-O 12. d4 Re8 13. Qd3 b6 14. Qc2
Ba6 15. Re1 Nbd7 16. Qa4 Bd3 17. Bd2 Ne4 18. Rac1 Rac8 19. Ne5 Bxe5 20.
Nxe4 Bxe4 21. Bxe4 Bxg3 22. Bxc6 Bxe1 23. Bxd7 Qb8 24. Rxc8 Rxc8 25. Bxc8
1-0

[Event "Turniej Niepodleglosci 2024"]
[Site "Warsaw POL"?"]
[Date "2024.11.11"]
[Round "4.7"]
[White "Czernek, Tymon"]
[Black "Tsiapko, Andrii"]
[Result "1-0"]
[WhiteElo "2240"]
[BlackElo "2107"]

1. e4 c5 2. Nf3 Nc6 3. d4 cxd4 4. Nxd4 e5 5. Nb5 d6 6. c4 Be7 7. Bd3 Nf6 8.
O-O O-O 9. a3 Be6 10. N5c3 Nd7 11. Nd5 Bg5 12. Nbc3 Bxc1 13. Rxc1 Rc8 14.
Nb5 Nc5 15. Bb1 a6 16. Nxd6 Bg4 17. Qxg4 Qxd6 18. f4 exf4 19. Rxf4 Ne5 20.
Qg3 Ng6 21. Rf3 Qxg3 22. Rxg3 Rfe8 23. Re3 Ne6 24. b4 Nef4 25. Nb6 Rcd8 26.
g3 Nh3+ 27. Kg2 Ng5 28. Nd5 f6 29. c5 Re5 30. Rd1 Kf8 31. a4 Ne6 32. Rc3
Ng5 33. Rc4 Ne7 34. Ne3 Rxd1 35. Nxd1 Nc6 36. Nf2 Re8 37. b5 Na5 38. Rc3
axb5 39. axb5 Rc8 40. Ba2 Ke7 41. Ra3 Ra8 42. Bd5 Ra7 43. b6 Ra6 44. Bxb7
1-0

[Event "Turniej Niepodleglosci 2024"]
[Site "Warsaw POL"?"]
[Date "2024.11.11"]
[Round "4.8"]
[White "Orzech, Dominik"]
[Black "Padalka, Artem"]
[Result "1-0"]
[WhiteElo "2201"]
[BlackElo "2063"]

1. d4 d5 2. Nf3 Nf6 3. c4 c6 4. Nc3 e6 5. cxd5 exd5 6. Bg5 Nbd7 7. Qc2 Be7
8. e3 O-O 9. Bd3 Re8 10. O-O Nf8 11. Rab1 a5 12. a3 g6 13. b4 axb4 14. axb4
Ne6 15. Bh4 Ng7 16. b5 Bf5 17. bxc6 bxc6 18. Rfc1 Bxd3 19. Qxd3 Nf5 20.
Bxf6 Bxf6 21. Ne2 Qd7 22. Rb6 Rec8 23. Qb3 Nd6 24. Nf4 Bd8 25. Ne5 Qe8 26.
Rb4 f6 27. Ned3 Ba5 28. Ra4 Nc4 29. Rca1 Rcb8 30. Qa2 Rb5 31. h4 Rab8 32.
Rxc4 dxc4 33. Qxc4+ Kh8 34. Ne6 Rb1+ 35. Rxb1 Rxb1+ 36. Kh2 Qb8+ 37. Ndf4
Qb5 38. Qc2 Rb2 39. Nxg6+ hxg6 40. Qxg6 Qb8+ 41. f4 Qb7 42. Qxf6+ Kg8 43.
Qf8+ Kh7 44. f5 Bc7+ 45. Kh3 Bf4 46. exf4 Qb3+ 47. g3 Rh2+ 48. Kxh2 Qc2+
49. Kh3 1-0

[Event "Turniej Niepodleglosci 2024"]
[Site "Warsaw POL"?"]
[Date "2024.11.11"]
[Round "4.9"]
[White "Gahan, M G"]
[Black "Szczotka, Klara"]
[Result "1-0"]
[WhiteElo "2175"]
[BlackElo "1996"]

1. d4 Nf6 2. Nc3 d5 3. Bf4 Bf5 4. e3 e6 5. f3 Bd6 6. Nge2 h5 7. h4 c6 8.
Qd2 Qc7 9. Bg5 Nbd7 10. O-O-O Nb6 11. Nf4 O-O-O 12. Bd3 Bxd3 13. Qxd3 Rde8
14. Nce2 Nfd7 15. Nh3 f6 16. Bf4 e5 17. dxe5 fxe5 18. Bg5 Nc5 19. Qf5+ Kb8
20. Nf2 Nc4 21. b3 Nb6 22. Nd3 Nxd3+ 23. Qxd3 Ba3+ 24. Kb1 Nd7 25. c4 Nc5
26. Qc2 dxc4 27. Qxc4 Ne6 28. Nc3 Bc5 29. Ne4 Ba3 30. Rd3 Nxg5 31. hxg5 Rd8
32. Rhd1 Rxd3 33. Rxd3 a5 34. Qe6 Ka8 35. Kc2 Rb8 36. Qd7 Qxd7 37. Rxd7 Bf8
38. g6 Re8 39. Ng5 Kb8 40. Kd3 Kc8 41. Rf7 Be7 42. Ne6 Bf6 43. Nxg7 Rg8 44.
Nxh5 1-0

[Event "Turniej Niepodleglosci 2024"]
[Site "Warsaw POL"?"]
[Date "2024.11.11"]
[Round "4.10"]
[White "Bartodziej, Bartosz"]
[Black "Fiszer, Bartosz"]
[Result "0-1"]
[WhiteElo "1971"]
[BlackElo "2235"]

1. e4 c5 2. Nf3 d6 3. d4 cxd4 4. Nxd4 Nf6 5. Nc3 Nc6 6. Bg5 e6 7. Qd2 a6 8.
O-O-O Bd7 9. f4 b5 10. f5 b4 11. fxe6 fxe6 12. Bxf6 bxc3 13. Qxc3 Qxf6 14.
Bc4 Nxd4 15. Rxd4 Be7 16. Rf1 Qg5+ 17. Rd2 Bf6 18. Qb3 O-O 19. Rf5 Qh6 20.
Bxe6+ Bxe6 21. Qxe6+ Kh8 22. Qxd6 Rad8 23. Qxd8 Rxd8 0-1

[Event "Turniej Niepodleglosci 2024"]
[Site "Warsaw POL"?"]
[Date "2024.11.11"]
[Round "5.1"]
[White "Orzech, Dominik"]
[Black "Kashlinskaya, Alina"]
[Result "0-1"]
[WhiteElo "2201"]
[BlackElo "2383"]

1. d4 Nf6 2. Nf3 g6 3. c4 Bg7 4. g3 c5 5. Nc3 cxd4 6. Nxd4 O-O 7. Bg2 Qc7
8. b3 d5 9. Bf4 Qa5 10. Bd2 dxc4 11. bxc4 Qc5 12. e3 e5 13. Ndb5 Nc6 14.
O-O Rd8 15. Rc1 Qxc4 16. Nc7 Rb8 17. N3d5 Qxa2 18. Ra1 Qc4 19. Rc1 Qg4 20.
Rxc6 Qxd1 21. Rxd1 bxc6 22. Ne7+ Kh8 23. Nxc6 Rxd2 24. Rxd2 Rb1+ 25. Bf1
Bh3 26. Rd8+ Ng8 0-1

[Event "Turniej Niepodleglosci 2024"]
[Site "Warsaw POL"?"]
[Date "2024.11.11"]
[Round "5.2"]
[White "Jakubowski, Krzysztof"]
[Black "Gahan, M G"]
[Result "1/2-1/2"]
[WhiteElo "2351"]
[BlackElo "2175"]

1. e4 c5 2. Nf3 d6 3. d4 cxd4 4. Nxd4 Nf6 5. Nc3 a6 6. a4 e5 7. Nf3 Be7 8.
Bg5 Be6 9. Bxf6 Bxf6 10. Nd5 Nd7 11. Bc4 Rc8 12. Qe2 Nb6 13. Nxf6+ Qxf6 14.
Bxe6 Qxe6 15. b3 d5 16. exd5 Nxd5 17. O-O Nf4 18. Qe4 O-O 19. Rae1 Rfe8 20.
g3 Ng6 21. Qxb7 Rxc2 22. Nd4 Qc8 23. Qxc8 Rcxc8 24. Nf5 Rb8 25. Re3 Rb4 26.
Rc1 Reb8 27. h4 h5 28. Rc6 Rxb3 29. Rxb3 Rxb3 30. Rxa6 e4 31. Ra8+ Kh7 32.
Re8 Rb4 33. Nd6 f6 34. Rxe4 Rb1+ 35. Kg2 Ne5 36. Nf5 Rb2 37. Kf1 Nd3 38.
Re2 Rb1+ 39. Kg2 Ra1 40. Re7 Kg6 41. Nxg7 Ra2 42. Ne8 Nxf2 43. Ra7 Ng4+ 44.
Kf1 Rf2+ 45. Ke1 Rf3 46. Kd2 Rxg3 47. a5 Ra3 48. a6 Ne5 49. Kc2 Nc6 50.
Rg7+ Kf5 51. Rh7 Kg6 52. Rg7+ Kf5 53. Rh7 Kg6 1/2-1/2

[Event "Turniej Niepodleglosci 2024"]
[Site "Warsaw POL"?"]
[Date "2024.11.11"]
[Round "5.3"]
[White "Chiszko, Oskar"]
[Black "Nguyen, Piotr"]
[Result "0-1"]
[WhiteElo "2141"]
[BlackElo "2295"]

1. d4 d6 2. c4 e5 3. e3 Nd7 4. Nc3 g6 5. Nf3 Bg7 6. Be2 Ngf6 7. h3 O-O 8.
O-O e4 9. Nd2 Re8 10. Qc2 Qe7 11. b4 Nf8 12. Bb2 h5 13. Rfc1 Bf5 14. c5 d5
15. b5 Ne6 16. Qd1 h4 17. a4 Rad8 18. a5 Bh6 19. Ba3 Qd7 20. c6 bxc6 21.
bxc6 Qc8 22. Rab1 Ng5 23. Bf1 Bxh3 24. gxh3 Nxh3+ 25. Bxh3 Qxh3 26. Qf1 Qf5
27. Nb5 Ng4 28. Rb2 h3 29. Qe2 h2+ 30. Kg2 Qg5 31. Kh1 Qh4 32. Rf1 Re6 33.
Nxc7 Rxc6 34. Nb5 Rb8 35. Nc3 Rxb2 36. Bxb2 Rf6 37. Ncxe4 dxe4 38. Nxe4 Re6
39. Qf3 Rxe4 40. Qxe4 Nxf2+ 41. Rxf2 Qxe4+ 0-1

[Event "Turniej Niepodleglosci 2024"]
[Site "Warsaw POL"?"]
[Date "2024.11.11"]
[Round "5.4"]
[White "Radzimski, Antoni"]
[Black "Czernek, Tymon"]
[Result "1-0"]
[WhiteElo "2127"]
[BlackElo "2240"]

1. d4 Nf6 2. c4 e6 3. Nc3 Bb4 4. e3 O-O 5. Bd3 d5 6. a3 Bxc3+ 7. bxc3 c5 8.
Ne2 Nc6 9. O-O b6 10. cxd5 exd5 11. a4 c4 12. Bc2 Re8 13. f3 a6 14. Ng3 h5
15. Nh1 Rb8 16. Rb1 b5 17. axb5 axb5 18. Bd2 b4 19. cxb4 c3 20. Bxc3 Rxe3
21. Qd2 Re8 22. b5 Na7 23. Bd3 Bd7 24. b6 Nc6 25. b7 Qc7 26. Ba6 Nd8 27.
Ba5 Qc6 28. Rb6 Qa4 29. Rfb1 Ne6 30. Bc3 Qa3 31. Bb4 Qa4 32. Bd6 Qxd4+ 33.
Qxd4 Nxd4 34. Bxb8 Rxb8 35. Nf2 Ne6 36. Nd3 Kf8 37. Bb5 Ke7 38. Ne5 Bxb5
39. R1xb5 Nd8 40. Nc6+ Nxc6 41. Rxc6 Kd7 42. Rc1 g6 43. Kf2 d4 44. Ke2 Ne8
45. Rc8 Rxc8 46. bxc8=Q+ Kxc8 47. Rd5 Kc7 48. Rxd4 Nd6 49. Kd3 Kd7 50. Ra4
Ke7 51. Kd4 Nf5+ 52. Ke5 Ne3 53. Ra7+ Kf8 54. g3 Kg7 55. Kd6 Nf5+ 56. Kd7
Kf8 57. Ra4 Ne3 58. Re4 Nd5 59. Kd6 Nf6 60. Ra4 Kg7 61. Ra7 Kf8 62. Ke5 Kg7
63. Rb7 Nh7 64. h4 Nf6 65. Ra7 Nh7 66. f4 Nf6 67. f5 Ng4+ 68. Kf4 Kf6 69.
Ra6+ Kg7 70. fxg6 f6 71. Ra8 Nh6 72. Ke4 Kxg6 73. Ra5 Ng4 74. Kd5 Ne3+ 75.
Ke6 Nf1 76. Rf5 Nxg3 77. Rxf6+ Kg7 78. Rf4 Kg6 79. Ke5 Ne2 80. Ra4 Ng1 81.
Ra6+ Kh7 82. Kf4 Ne2+ 83. Kg5 Ng3 84. Ra7+ Kg8 85. Kg6 Kf8 86. Ra8+ Ke7 87.
Ra3 1-0

[Event "Turniej Niepodleglosci 2024"]
[Site "Warsaw POL"?"]
[Date "2024.11.11"]
[Round "5.5"]
[White "Jarmula, Lukasz"]
[Black "Wiech, Grzegorz"]
[Result "1-0"]
[WhiteElo "2307"]
[BlackElo "2123"]

1. Nf3 c5 2. g3 b6 3. Bg2 Bb7 4. O-O Nf6 5. d3 g6 6. e4 d6 7. Re1 Nbd7 8.
a4 Bg7 9. Na3 O-O 10. c3 Rc8 11. Bf4 Re8 12. Nd2 e5 13. Bg5 h6 14. Be3 a6
15. Ndc4 Qc7 16. Bd2 d5 17. exd5 Nxd5 18. Qb3 Rcd8 19. Rad1 Bc6 20. Ne3
Nxe3 21. Bxe3 Bxg2 22. Kxg2 Nf6 23. Nc4 Nd5 24. Bc1 Re6 25. Kg1 Rd7 26. Nd2
Nf6 27. Ne4 Nxe4 28. dxe4 Red6 29. Rxd6 Rxd6 30. Qc4 a5 31. Be3 Qd7 32. Kg2
Bf8 33. Qb5 Qxb5 34. axb5 f5 35. f3 Kf7 36. Kf2 h5 37. Ke2 Ke6 38. h3 Rd7
39. Rh1 Rh7 40. Kd3 Bh6 41. Bxh6 Rxh6 42. Kc4 Rh7 43. Rd1 fxe4 44. fxe4 Rf7
45. Rd8 Rf3 46. Rb8 Rxg3 47. Rxb6+ Kf7 48. Rc6 Re3 49. b6 Rxe4+ 50. Kd3 1-0

[Event "Turniej Niepodleglosci 2024"]
[Site "Warsaw POL"?"]
[Date "2024.11.11"]
[Round "5.6"]
[White "Fiszer, Bartosz"]
[Black "Kazmierowski, Tymon"]
[Result "1/2-1/2"]
[WhiteElo "2235"]
[BlackElo "2034"]

1. c4 c5 2. Nf3 Nc6 3. Nc3 e6 4. g3 Nf6 5. Bg2 d5 6. cxd5 exd5 7. d4 cxd4
8. Nxd4 Bc5 9. Nb3 Bb6 10. O-O d4 11. Na4 O-O 12. Bxc6 bxc6 13. Nxb6 axb6
14. Qxd4 Be6 15. Bg5 c5 16. Qc3 Ne4 17. Bxd8 Nxc3 18. Bxb6 Nxe2+ 19. Kg2 c4
20. Nd4 Bd5+ 21. f3 Rfb8 22. Bc5 Rxb2 23. Rf2 Nxd4 24. Rxb2 Nxf3 25. Kf1 c3
26. Rc2 Nd2+ 27. Kg1 Nf3+ 28. Kf2 Nxh2 29. Rxc3 Rxa2+ 30. Rxa2 Bxa2 31. Ra3
Bd5 32. Rd3 Ng4+ 33. Kg1 Nf6 34. Be7 Bc6 35. Rd6 Bb5 36. Rb6 Ba4 37. Ra6
Bb5 38. Rb6 Ba4 39. Bxf6 gxf6 40. Rxf6 Kg7 41. Rf4 Bd7 42. Kf2 Be6 43. Ke3
Kg6 44. Rh4 h6 45. Kf4 Bd7 46. Rh2 Bc8 47. Rc2 Be6 48. Rc6 Kf6 49. Rb6 Kg6
50. Rb8 Kf6 51. Rg8 Bd7 52. Kf3 Be6 53. Kf4 Bd7 54. g4 Bb5 55. Kg3 Bd3 56.
Rd8 Bg6 57. Rd6+ Kg7 58. Kf4 Bc2 59. Rb6 Bd3 60. Ke5 Bc4 61. Rb4 Be6 62.
Kf4 Bd5 63. Rb5 1/2-1/2

[Event "Turniej Niepodleglosci 2024"]
[Site "Warsaw POL"?"]
[Date "2024.11.11"]
[Round "5.7"]
[White "Dalkowski, Rafal"]
[Black "Niezhentsev, Kyrylo"]
[Result "1/2-1/2"]
[WhiteElo "2068"]
[BlackElo "2232"]

1. d4 Nf6 2. c4 e6 3. Nf3 b6 4. g3 Ba6 5. Qc2 c5 6. d5 exd5 7. cxd5 Bb7 8.
Bg2 Nxd5 9. O-O Be7 10. Rd1 Nc6 11. Qf5 Nf6 12. Nc3 O-O 13. e4 g6 14. Qf4
d6 15. b3 Nh5 16. Qd2 Bf6 17. Bb2 Nd4 18. Nxd4 Bxd4 19. Nb5 Bxb2 20. Qxb2
Qf6 21. Qxf6 Nxf6 22. Nxd6 Bc6 23. e5 Bxg2 24. Kxg2 Ng4 25. Rd5 Rad8 26.
Rad1 h5 27. h3 Nh6 28. a4 Rd7 29. Ne4 Rxd5 30. Rxd5 Nf5 31. Rd7 Nd4 32.
Rxa7 Nxb3 33. Rb7 Na5 34. Rxb6 Nc4 35. Rc6 Nxe5 36. Rxc5 Nd3 37. Rc7 Ra8
38. Nd6 f5 39. Rc4 Nb2 40. Rc6 Rxa4 41. Ne8 Kf7 42. Nd6+ Kg8 43. Rc3 Rd4
44. Nb5 Rd5 45. Nc7 Rd2 46. Rf3 1/2-1/2

[Event "Turniej Niepodleglosci 2024"]
[Site "Warsaw POL"?"]
[Date "2024.11.11"]
[Round "5.8"]
[White "Heberla, Bartlomiej"]
[Black "Michalowski, Patryk"]
[Result "1-0"]
[WhiteElo "2454"]
[BlackElo "2031"]

1. Nf3 d5 2. e3 Nf6 3. c4 e6 4. Nc3 Be7 5. b3 O-O 6. Bb2 Nbd7 7. cxd5 exd5
8. d4 c6 9. Bd3 Re8 10. O-O Bd6 11. Ne2 Ne4 12. Ng3 Bxg3 13. hxg3 Ndf6 14.
Ne5 h5 15. Qe1 Nd6 16. f3 Bf5 17. Be2 Nh7 18. Qf2 Qe7 19. Bc1 f6 20. Nd3
Bg6 21. Nf4 Bf7 22. Bd3 Nf8 23. Re1 g5 24. Ne2 Bg6 25. Bxg6 Nxg6 26. Nc3 f5
27. Ba3 Qf6 28. e4 fxe4 29. Bxd6 Qxd6 30. fxe4 Rad8 31. exd5 cxd5 32. Qf5
Kg7 33. Qxg5 Qb4 34. Qd2 Rxe1+ 35. Rxe1 Rc8 36. Re3 Ne7 37. a3 Qxa3 38. Re6
Ng6 39. Qg5 Qa1+ 40. Kh2 Qxc3 41. Re7+ Kh8 42. Qh6+ 1-0

[Event "Turniej Niepodleglosci 2024"]
[Site "Warsaw POL"?"]
[Date "2024.11.11"]
[Round "5.9"]
[White "Szczotka, Klara"]
[Black "Krasenkow, Michal"]
[Result "0-1"]
[WhiteElo "1996"]
[BlackElo "2399"]

1. d4 d6 2. c4 e5 3. Nc3 exd4 4. Qxd4 Nf6 5. Bg5 Be7 6. Nf3 O-O 7. e3 Nc6
8. Qd2 Be6 9. Nd4 Nxd4 10. exd4 d5 11. c5 Ne4 12. Nxe4 dxe4 13. Bxe7 Qxe7
14. Be2 Rad8 15. Qe3 f5 16. g3 Bd5 17. h4 Qe6 18. b3 Rd7 19. Rd1 Rfd8 20.
Qf4 Qf6 21. O-O Be6 22. Rd2 h6 23. h5 Qg5 24. Rfd1 Qxf4 25. gxf4 Kf7 26.
Bc4 c6 27. Kf1 Kf6 28. Ke2 Bd5 29. Ke3 g5 30. hxg6 Rg8 31. Rh1 Rxg6 32.
Rdd1 b6 33. Bxd5 Rxd5 34. b4 Rd7 35. Rh5 Ke6 36. Rdh1 Rh7 37. Rc1 b5 38.
Rch1 Rf6 39. a4 bxa4 40. Ra1 Kd5 41. Rxa4 Kc4 42. Rh1 h5 43. Rb1 Kd5 44. b5
cxb5 45. Rxb5 Rc6 46. Ra1 h4 47. Rh1 h3 48. Rb8 Ra6 49. Rd8+ Kc4 50. Rd6
Ra3+ 51. Ke2 Rb7 52. Rc1+ Rc3 53. Rxc3+ Kxc3 54. Rh6 Kxd4 55. c6 Rc7 56.
Kd2 a5 57. Rxh3 Rxc6 58. Ra3 Ra6 59. Ra4+ Kc5 60. Kc3 Kb5 61. Rd4 Rc6+ 62.
Kb3 Rc5 63. Rd8 a4+ 64. Kb2 Kc4 65. Ra8 Kd3 0-1

[Event "Turniej Niepodleglosci 2024"]
[Site "Warsaw POL"?"]
[Date "2024.11.11"]
[Round "5.10"]
[White "Syrkiewicz, Michal"]
[Black "Gdanski, Jacek"]
[Result "0-1"]
[WhiteElo "1971"]
[BlackElo "2343"]

1. e4 e6 2. d4 d5 3. Nc3 Bb4 4. e5 Ne7 5. a3 Bxc3+ 6. bxc3 c5 7. h4 Qa5 8.
Bd2 Nbc6 9. Nf3 h6 10. h5 Bd7 11. Bd3 O-O-O 12. Qb1 Qc7 13. Qb2 f6 14. Bf4
c4 15. Be2 g5 16. exf6 Qxf4 17. fxe7 Nxe7 18. Ne5 Be8 19. Rb1 b6 20. Rh3
Nc6 21. Rf3 Qh2 22. Re3 Nxe5 23. Rxe5 Rf8 24. Bf3 Bxh5 25. Qb5 Kb8 26. Rxe6
Rfe8 27. Rxe8 Rxe8+ 28. Kd2 Qf4+ 29. Kd1 Bxf3+ 30. gxf3 Qxf3+ 31. Kc1 Re2
32. Qd7 Qf8 33. Qxd5 Qxa3+ 34. Kd1 Rxf2 35. Qd8+ Kb7 36. Qd7+ Ka6 37. Qc8+
Ka5 38. Qxc4 Rf5 39. d5 a6 40. Qc6 Rf1+ 41. Kd2 Rxb1 42. d6 Qc1+ 43. Kd3
Qf1+ 44. Kd4 Rd1+ 45. Ke5 Qf4+ 46. Ke6 Rxd6+ 0-1

[Event "Turniej Niepodleglosci 2024"]
[Site "Warsaw POL"?"]
[Date "2024.11.11"]
[Round "6.1"]
[White "Kashlinskaya, Alina"]
[Black "Radzimski, Antoni"]
[Result "0-1"]
[WhiteElo "2383"]
[BlackElo "2127"]

1. d4 Nf6 2. c4 e6 3. Nc3 Bb4 4. e3 O-O 5. Bd3 d5 6. a3 Bxc3+ 7. bxc3 dxc4
8. Bxc4 c5 9. Ne2 Qc7 10. Bd3 Nc6 11. f4 a6 12. O-O b5 13. Ng3 Bb7 14. Bb2
Rad8 15. Qe2 Rd7 16. Rad1 Rfd8 17. e4 cxd4 18. e5 Ne8 19. Qh5 g6 20. Qh6
dxc3 21. Ne4 f5 22. Ng5 Nd4 23. Bc1 c2 24. Rde1 Bd5 25. Re3 Nb3 26. Rh3
Nxc1 27. Rxc1 Qc5+ 28. Kf1 Bc4 29. Nxe6 Bxe6 30. Rxc2 Qe7 31. Be2 Bc4 32.
Rxc4 bxc4 33. Bxc4+ Kh8 34. Qxg6 Rd1+ 35. Ke2 R8d2+ 36. Kf3 Qb7+ 37. Ke3
Qe4# 0-1

[Event "Turniej Niepodleglosci 2024"]
[Site "Warsaw POL"?"]
[Date "2024.11.11"]
[Round "6.2"]
[White "Nguyen, Piotr"]
[Black "Jakubowski, Krzysztof"]
[Result "0-1"]
[WhiteElo "2295"]
[BlackElo "2351"]

1. c4 c5 2. g3 Nf6 3. Bg2 d5 4. cxd5 Nxd5 5. Nc3 Nc7 6. Nf3 Nc6 7. a3 a5 8.
O-O e5 9. d3 Be7 10. Nd2 O-O 11. Nc4 Ra6 12. a4 f6 13. f4 exf4 14. Bxf4 Ne6
15. Bd2 Kh8 16. Nd5 Re8 17. Bc3 Ng5 18. h4 Nf7 19. e3 Nh6 20. Qf3 Nb4 21.
Nxe7 Rxe7 22. e4 Bg4 23. Qf2 Nxd3 24. Qe3 Be6 25. Bxa5 Qd4 26. Bc3 Qxc4 27.
Rxf6 Ng4 28. Rf8+ Bg8 29. Qg5 Qe6 30. Bf1 h6 31. Qf5 c4 32. Bh3 Qb6+ 33.
Kh1 Ndf2+ 34. Kg2 Ne3+ 0-1

[Event "Turniej Niepodleglosci 2024"]
[Site "Warsaw POL"?"]
[Date "2024.11.11"]
[Round "6.3"]
[White "Gahan, M G"]
[Black "Jarmula, Lukasz"]
[Result "0-1"]
[WhiteElo "2175"]
[BlackElo "2307"]

1. e4 d6 2. d4 Nf6 3. Nc3 Nc6 4. Bg5 h6 5. Bxf6 exf6 6. Bb5 a6 7. Ba4 b5 8.
Bb3 Na5 9. Qh5 g6 10. Qf3 Nxb3 11. axb3 Bb7 12. d5 Bg7 13. Nge2 b4 14. Nb1
O-O 15. Nd2 c6 16. Nc4 cxd5 17. exd5 f5 18. O-O a5 19. Rfd1 Qc7 20. Nd4 Ba6
21. Ne3 Rfe8 22. h4 Qc5 23. Ndxf5 gxf5 24. Nxf5 Qxc2 25. Qg4 Qxb2 26. Rd4
Qxa1+ 27. Kh2 Qxd4 28. Nxd4 Re5 29. Nc6 Re2 30. Qf3 Bb5 31. h5 Rae8 32.
Nxa5 Ra2 0-1

[Event "Turniej Niepodleglosci 2024"]
[Site "Warsaw POL"?"]
[Date "2024.11.11"]
[Round "6.4"]
[White "Goraj, Barbara"]
[Black "Heberla, Bartlomiej"]
[Result "1/2-1/2"]
[WhiteElo "2130"]
[BlackElo "2454"]

1. e4 e5 2. Nf3 Nc6 3. Bb5 Nge7 4. O-O Ng6 5. c3 d5 6. d3 Be7 7. Re1 O-O 8.
Nbd2 Kh8 9. exd5 Qxd5 10. Bc4 Qd8 11. Ne4 Na5 12. Bb5 Bd7 13. Bxd7 Qxd7 14.
Ng3 Nc6 15. d4 exd4 16. Nxd4 Nxd4 17. Qxd4 Qxd4 18. cxd4 Rad8 19. Nf5 Bb4
20. Rd1 Ba5 21. d5 Rfe8 22. Bd2 Rxd5 23. Bxa5 Rxa5 24. Ne3 Rae5 25. Rd7
R5e7 26. Rad1 Kg8 27. Rxe7 Rxe7 28. Rd8+ Nf8 29. Kf1 Rd7 30. Rb8 c5 31. Nc4
f6 32. a4 Kf7 33. Rxb7 Rxb7 34. Nd6+ Ke6 35. Nxb7 Kd5 36. Ke2 Ne6 37. g3
Kc4 38. f4 Kb4 39. Kd3 c4+ 40. Ke4 a5 41. Kd5 Nc7+ 42. Kd4 g6 43. Nd6 Ne6+
44. Kd5 Nc5 45. Nxc4 f5 1/2-1/2

[Event "Turniej Niepodleglosci 2024"]
[Site "Warsaw POL"?"]
[Date "2024.11.11"]
[Round "6.5"]
[White "Krasenkow, Michal"]
[Black "Deszczynski, Adam"]
[Result "1-0"]
[WhiteElo "2399"]
[BlackElo "2125"]

1. Nf3 c5 2. c4 Nc6 3. d4 cxd4 4. Nxd4 g6 5. e4 Bg7 6. Be3 Nf6 7. Nc3 Ng4
8. Qxg4 Nxd4 9. Qd1 Ne6 10. Rc1 d6 11. Bd3 Bd7 12. O-O a5 13. f4 Bc6 14. f5
Nc5 15. Bb1 O-O 16. Qg4 e6 17. Rcd1 Qe7 18. Bg5 Bf6 19. Bxf6 Qxf6 20. fxg6
Qxg6 21. Qxg6+ hxg6 22. Rxd6 Rfd8 23. Rfd1 Rxd6 24. Rxd6 Kf8 25. h4 Ke7 26.
Rd2 Rh8 27. g3 g5 28. Rh2 gxh4 29. gxh4 Kf6 30. Kf2 Ke5 31. Ke3 f5 32. exf5
exf5 33. h5 Rh6 34. Ne2 Ne6 35. Nc1 f4+ 36. Kf2 Nc5 37. Nd3+ Nxd3+ 38. Bxd3
Kd4 39. Be2 Be4 40. Bf3 Ke5 41. Bxe4 Kxe4 42. Rh4 Kf5 43. Kf3 Kg5 44. Rh1
b6 45. b3 Kf5 46. Rd1 Rh8 1-0